00413nam a2200145Ia 4500008004100000041000900041082001500050100001500065245002400080260003900104300000700143650000800150999001700158952009200175230718s9999 xx 000 0 und d aEng. a340bMOH-P aMohd anwar 0aPakistan law digest aPakistanbAll Pakistan legalc2004 a64 aLaw c27255d27255 00104070aSIRC-LbSIRC-Ld2023-07-18l0o340 MOH-Pp22207r2023-07-18w2023-07-18yBK